| 000 | 01715cam a22004934i 4500 | ||
|---|---|---|---|
| 003 | PE-LiUPU | ||
| 005 | 20250731173348.0 | ||
| 008 | 150706s2008 miu rb 000 0 eng d | ||
| 020 | _a978031023082.3 | ||
| 035 | _a(Sirsi) i978031023082 | ||
| 040 |
_aPE-LiUPU _bspa _cPE-LiUPU _erda |
||
| 049 | _aPRUA | ||
| 082 | 0 | 4 |
_a220.7 _bEBUL _221 |
| 245 | 0 | 4 |
_aThe expositor's Bible commentary : _bGenesis ~ Leviticus / _cTremper Longman III y David E. Garland. |
| 264 | 1 |
_aMichigan : _bZondervan, _c2008. |
|
| 300 |
_a825 páginas ; _c24 centímetros. |
||
| 336 |
_atext _2rdacontent |
||
| 337 |
_aunmediated _2rdamedia |
||
| 338 |
_avolume _2rdacarrier |
||
| 490 | 0 |
_aThe Expositor's Bible Commentary ; _v1 |
|
| 504 | _aNotas bibliográficas al final de cada comentario. | ||
| 505 | 0 | _aGenesis -- Exodus -- Leviticus. | |
| 526 | _aSEG42 | ||
| 526 | _aSEG41 | ||
| 526 | _aSEG40 | ||
| 526 | _aSEG39 | ||
| 526 | _aP94 | ||
| 526 | _aP87 | ||
| 526 | _aP86 | ||
| 526 | _aP85 | ||
| 526 | _aP77 | ||
| 526 | _aP76 | ||
| 526 | _aP35 | ||
| 541 | _g104-9871792-3978609; | ||
| 630 |
_aBiblia. _pA.T. _xComentarios. |
||
| 700 | 1 |
_aLongman, Tremper, _eeditor. |
|
| 700 | 1 |
_aGarland, David E., _eeditor. |
|
| 910 |
_agl _bjv _clch _d20100110 |
||
| 942 |
_2ddc _cBOOK |
||
| 949 |
_a220.7 EBC 1 _wDEWEY _c1 _i60911 _lCCODEBUL1 _mBUL _p36.00 _r0 _sY _tBOOK _u2015-7-6 _xTEOLOGIA _zUNKNOWN _o.STAFF. Colección General |
||
| 994 |
_aC0 _bPEPRU |
||
| 596 | _a1 | ||
| 999 |
_a220.7 EBC 1 _wDEWEY _c50268 _i60911 _d50268 _e2017-10-25 _f2021-11-9 _g5 _lCCODEBUL1 _mBUL _n3 _p36.00 _q2 _r0 _sY _tBOOK _u2015-7-6 _xTEOLOGIA _PP35 _0COMPRA _o.STAFF. Colección Teología |
||
| 980 |
_81 _gALBERTO SANCHEZ Responsable de Automatización |
||